[Event "SR 3. liga A2 2013/2014"]
[Site "?"]
[Date "2013.12.01"]
[Round "4.5"]
[White "Csefalvay, Stefan"]
[Black "Jablonicky, Martin"]
[Result "1/2-1/2"]
[WhiteElo "1852"]
[BlackElo "1967"]
[PlyCount "85"]
[EventDate "2013.??.??"]

1. d4 g6 2. Nf3 Bg7 3. Bf4 c5 4. e3 Qb6 5. b3 Nc6 6. c3 d5 7. Be2 Nf6 8. Nbd2
O-O 9. O-O Nd7 10. Rc1 e5 11. dxe5 Ndxe5 12. Nxe5 Nxe5 13. Nf3 Nxf3+ 14. Bxf3
d4 15. cxd4 cxd4 16. exd4 Bxd4 17. Rc4 Rd8 18. Qe2 Be6 19. Rc7 Rd7 20. Rxd7
Bxd7 21. Qe7 Bc6 22. Bxc6 Qxc6 23. Rc1 Qb5 24. Qe4 Rd8 25. g3 a5 26. Rc4 Bf6
27. Kg2 Re8 28. Qf3 Qa6 29. Bh6 Be5 30. Bf4 Bxf4 31. Qxf4 b5 32. Rc5 a4 33. b4
Qe6 34. a3 Rd8 35. Rc3 Qe1 36. Qe3 Qd1 37. h4 Qd5+ 38. Qf3 Qd2 39. Qe3 Qd5+ 40.
Qf3 Qa2 41. Qe3 Qb1 42. Rc1 Qb3 43. Rc3 1/2-1/2

[Event "SR 3. liga A2 2013/2014"]
[Site "?"]
[Date "2013.12.01"]
[Round "4.5"]
[White "Jablonicky, Frantisek"]
[Black "Vizvari, Ludovit"]
[Result "1-0"]
[WhiteElo "2146"]
[BlackElo "1996"]
[PlyCount "68"]
[EventDate "2013.??.??"]

1. g3 d5 2. f4 e6 3. Nf3 Nf6 4. Bg2 c5 5. O-O Nc6 6. d3 Bd6 7. Qe1 Qc7 8. e4
dxe4 9. dxe4 e5 10. Na3 a6 11. Nc4 O-O 12. c3 Be6 13. Nxd6 Qxd6 14. b3 Bg4 15.
f5 Nd7 16. Be3 f6 17. Rd1 Qe7 18. Qd2 Rfd8 19. Qd6 Bh5 20. Qxe7 Nxe7 21. Rd2
Kf8 22. Rfd1 Ke8 23. Kf2 Bf7 24. Bf1 Rac8 25. h3 Nc6 26. g4 h6 27. h4 Ncb8 28.
g5 hxg5 29. hxg5 b6 30. Be2 Ke7 31. Rd6 Ke8 32. Nh2 Rc7 33. Ng4 fxg5 34. Nxe5
Rdc8 1-0

[Event "SR 3. liga A2 2013/2014"]
[Site "?"]
[Date "2013.12.01"]
[Round "4.5"]
[White "Feher, Tibor"]
[Black "Mackovic, Matus"]
[Result "1/2-1/2"]
[WhiteElo "1815"]
[BlackElo "1913"]
[PlyCount "93"]
[EventDate "2013.??.??"]

1. e4 c6 2. d4 d5 3. exd5 cxd5 4. Nf3 Nc6 5. Bd3 Bg4 6. c3 Nf6 7. h3 Bh5 8. Be2
e6 9. Bf4 Bd6 10. Bxd6 Qxd6 11. Nbd2 O-O 12. O-O a6 13. Qc2 Rfc8 14. Rfe1 Bg6
15. Qb3 Rab8 16. Bf1 b5 17. Rac1 Na5 18. Qd1 Nc4 19. Nxc4 bxc4 20. b4 cxb3 21.
axb3 Qb6 22. c4 dxc4 23. bxc4 Be4 24. c5 Qb7 25. Nd2 Bd5 26. Qa4 Ra8 27. Rb1
Qc6 28. Qa5 Nd7 29. Nc4 Bxc4 30. Bxc4 Qc7 31. Qxc7 Rxc7 32. Ra1 a5 33. Bb5 Nf6
34. Bc4 Kf8 35. Ra4 Nd7 36. f4 g6 37. Rea1 Rca7 38. Be2 Nf6 39. Bf3 Nd5 40.
Bxd5 exd5 41. Re1 Re7 42. Re5 Rxe5 43. fxe5 Ke7 44. Kf2 f6 45. exf6+ Kxf6 46.
Kf3 Ra6 47. g3 1/2-1/2

[Event "SR 3. liga A2 2013/2014"]
[Site "?"]
[Date "2013.12.01"]
[Round "4.5"]
[White "Jakubec, Milan"]
[Black "Kahancova, Jana"]
[Result "1-0"]
[WhiteElo "2084"]
[BlackElo "1652"]
[PlyCount "127"]
[EventDate "2013.??.??"]

1. e4 e5 2. Nf3 Nc6 3. Bc4 Bc5 4. c3 Nf6 5. d4 exd4 6. e5 d5 7. Bb5 Ne4 8. cxd4
Bb4+ 9. Nbd2 Bg4 10. Qa4 Bxd2+ 11. Nxd2 Bd7 12. O-O a6 13. Bxc6 Bxc6 14. Qa3
Qe7 15. Qxe7+ Kxe7 16. Nf3 Rae8 17. Bf4 Kd8 18. Rfc1 h6 19. h4 Rhg8 20. Rc2 g5
21. hxg5 hxg5 22. Be3 Bd7 23. Rac1 c6 24. Ne1 g4 25. Nd3 Bc8 26. Nc5 Nxc5 27.
Rxc5 Ke7 28. Kf1 f6 29. Bf4 Kf7 30. exf6 Kxf6 31. Be5+ Ke6 32. R5c3 Ref8 33.
Ke2 Rf7 34. Rh1 Ke7 35. Rh6 Ke8 36. Re3 Re7 37. b4 Re6 38. Rh5 Kd7 39. a3 Ke8
40. Rg3 Re7 41. Ke3 Rf7 42. f3 Rff8 43. fxg4 Rxg4 44. Rxg4 Bxg4 45. Rg5 Bc8 46.
g4 Be6 47. Rg6 Ke7 48. g5 Rg8 49. Bf6+ Kd7 50. Rh6 Bf5 51. Kf4 Bg6 52. a4 b6
53. a5 bxa5 54. bxa5 Kd6 55. Be5+ Ke6 56. Rh3 Rf8+ 57. Bf6 Kd6 58. Rb3 Kc7 59.
Kg4 Re8 60. Be5+ Kc8 61. Rb6 Bd3 62. Rxc6+ Kb7 63. Rd6 Be4 64. g6 1-0

[Event "SR 3. liga A2 2013/2014"]
[Site "?"]
[Date "2013.12.01"]
[Round "4.5"]
[White "Bogi, Timea"]
[Black "Hirmajer, Jan"]
[Result "1-0"]
[WhiteElo "1589"]
[BlackElo "1957"]
[PlyCount "131"]
[EventDate "2013.??.??"]

1. e4 c5 2. c3 Nc6 3. Nf3 d5 4. exd5 Qxd5 5. d4 cxd4 6. Nxd4 e5 7. Nxc6 Qxc6 8.
Be3 Nf6 9. Be2 Be6 10. O-O Rd8 11. Qc2 a6 12. Nd2 Be7 13. Bg5 Bd5 14. Nf3 Qc7
15. Qf5 e4 16. Nd4 O-O 17. f3 exf3 18. Bxf3 Bxf3 19. Rxf3 Rd5 20. Qf4 Qb6 21.
Raf1 Nh5 22. Qe4 Rxg5 23. Qxe7 Nf6 24. Qe3 Ra5 25. Rg3 Nh5 26. Rh3 Qg6 27. Qf3
Rb8 28. Nf5 Qb6+ 29. Kh1 g6 30. Ne7+ Kh8 31. Qxf7 Rg5 32. Qc4 Qd6 33. Qd4+ Qxd4
34. cxd4 Rd8 35. d5 Re5 36. g4 Ng3+ 37. Rxg3 Rxe7 38. Rd1 Red7 39. Rgd3 Rd6 40.
Kg2 Kg7 41. Kf3 Kf6 42. Ke4 Re8+ 43. Kd4 Red8 44. Kc4 Ke5 45. Re1+ Kf6 46. h4
R8d7 47. Rf3+ Kg7 48. Re5 Rc7+ 49. Kd4 Rcd7 50. b4 b6 51. a4 a5 52. bxa5 bxa5
53. Kc5 h6 54. g5 h5 55. Rb3 Kf7 56. Rb5 Ra6 57. Rb3 Raa7 58. d6 Kg7 59. Kc6
Kf7 60. Rbb5 Kg7 61. Rxa5 Rab7 62. Rab5 Ra7 63. a5 Rf7 64. Re7 Rfxe7 65. dxe7
Rxe7 66. Rb7 1-0

[Event "SR 3. liga A2 2013/2014"]
[Site "?"]
[Date "2013.12.01"]
[Round "4.6"]
[White "Spacek, Oliver"]
[Black "Malar, Pavol"]
[Result "1-0"]
[WhiteElo "2041"]
[BlackElo "2104"]
[PlyCount "55"]
[EventDate "2013.??.??"]

1. d4 f5 2. e4 fxe4 3. Nc3 Nf6 4. Bg5 Nc6 5. d5 Ne5 6. Qd4 Nf7 7. Bf4 Nd6 8. g4
g6 9. Bxd6 cxd6 10. g5 Bg7 11. gxf6 Bxf6 12. Qxe4 O-O 13. Nge2 Qb6 14. Nd1 e6
15. Bg2 Bxb2 16. Nxb2 Qxb2 17. O-O Rb8 18. Nd4 e5 19. Nb3 b6 20. Rab1 Qa3 21.
f4 Ba6 22. Rf3 Rbc8 23. fxe5 Rxf3 24. Qxf3 dxe5 25. Bf1 Rf8 26. Qg2 Qxa2 27.
Ra1 Rxf1+ 28. Qxf1 1-0

[Event "SR 3. liga A2 2013/2014"]
[Site "?"]
[Date "2013.12.01"]
[Round "4.6"]
[White "Hertel, Ondrej"]
[Black "Diviak, Rastislav"]
[Result "1-0"]
[WhiteElo "2055"]
[BlackElo "1998"]
[PlyCount "67"]
[EventDate "2013.??.??"]

1. d4 d5 2. Nf3 Nf6 3. c4 e6 4. Bg5 c6 5. Nc3 Nbd7 6. e3 Qa5 7. Nd2 Bb4 8. Qc2
O-O 9. Be2 dxc4 10. Bxf6 Nxf6 11. Nxc4 Qc7 12. a3 Be7 13. O-O Bd7 14. b4 Rfd8
15. Rfc1 Rac8 16. Qb3 Qb8 17. Rab1 Be8 18. Ne5 Nd5 19. Ne4 f6 20. Nd3 Bf7 21.
Nec5 e5 22. Bg4 Nf4 23. Qb2 Nxd3 24. Nxd3 Bg6 25. Bxc8 Qxc8 26. Ra1 Bxd3 27.
Qb3+ Rd5 28. Qxd3 exd4 29. exd4 Qg4 30. Qe3 Qd7 31. Re1 Kf7 32. Rad1 b6 33. Re2
c5 34. Rde1 1-0

[Event "SR 3. liga A2 2013/2014"]
[Site "?"]
[Date "2013.12.01"]
[Round "4.6"]
[White "Pericka, Tomas"]
[Black "Drgon, Matus"]
[Result "1/2-1/2"]
[WhiteElo "1994"]
[BlackElo "1712"]
[PlyCount "72"]
[EventDate "2013.??.??"]

1. e4 c5 2. Nf3 Nc6 3. Bb5 g6 4. O-O Bg7 5. c3 Nf6 6. Re1 O-O 7. d4 cxd4 8.
cxd4 d5 9. e5 Nd7 10. Nc3 Nb6 11. h3 a6 12. Bd3 Bd7 13. Bf4 Rc8 14. Rc1 h6 15.
Qd2 Nb4 16. Bb1 Nc4 17. Qe2 e6 18. a3 Nc6 19. h4 Ne7 20. h5 Qb6 21. Bd3 g5 22.
Nxg5 hxg5 23. Bxg5 Nf5 24. h6 Nxh6 25. Qh5 Qxd4 26. Bxc4 Rxc4 27. Bxh6 Qh4 28.
Qxh4 Rxh4 29. Bxg7 Kxg7 30. Ne2 Rfh8 31. Ng3 Bc6 32. f3 d4 33. Kf2 Rd8 34. Rcd1
d3 35. Rd2 Rc4 36. Re3 Rc2 1/2-1/2

[Event "SR 3. liga A2 2013/2014"]
[Site "?"]
[Date "2013.12.01"]
[Round "4.6"]
[White "Gajarsky, Roman"]
[Black "Nemeckay, Rastislav"]
[Result "1/2-1/2"]
[WhiteElo "1797"]
[BlackElo "1986"]
[PlyCount "78"]
[EventDate "2013.??.??"]

1. e4 c6 2. d4 d5 3. e5 Bf5 4. Ne2 e6 5. Ng3 Bg6 6. h4 h6 7. h5 Bh7 8. Bd3 Bxd3
9. Qxd3 c5 10. c3 Nc6 11. O-O Qb6 12. Rd1 cxd4 13. cxd4 Be7 14. Nc3 Bh4 15. a3
a6 16. b4 Nge7 17. Nce2 Kd7 18. Nf1 Nc8 19. Qh3 Qd8 20. Nf4 Kc7 21. Ne3 Bg5 22.
Qg4 Bxf4 23. Qxf4 Qe7 24. Bd2 b5 25. a4 Nb6 26. axb5 axb5 27. Rdc1 Kb7 28. Qg4
Rhg8 29. Rxa8 Nxa8 30. Rc5 Nc7 31. Nc2 Qe8 32. Na3 Na7 33. Qe2 Kb6 34. Qd3 Na6
35. Rc1 Qd7 36. Qh7 Qe8 37. Qd3 Qd7 38. Qh7 Qe8 39. Qd3 Qd7 1/2-1/2

[Event "SR 3. liga A2 2013/2014"]
[Site "?"]
[Date "2013.12.01"]
[Round "4.6"]
[White "Spacek, Marcel"]
[Black "Janas, Peter"]
[Result "1/2-1/2"]
[WhiteElo "1818"]
[BlackElo "1707"]
[PlyCount "81"]
[EventDate "2013.??.??"]

1. d4 Nf6 2. c4 e6 3. g3 Bb4+ 4. Nc3 d5 5. Bg2 c6 6. a3 Bxc3+ 7. bxc3 Qa5 8.
Qc2 Ne4 9. Bb2 Nd6 10. cxd5 cxd5 11. Nf3 Nd7 12. O-O Nc4 13. Nd2 Nxb2 14. Qxb2
O-O 15. c4 Nf6 16. cxd5 exd5 17. Rfc1 Qa6 18. e3 Bd7 19. Nb3 Qb6 20. Qa2 Rfd8
21. Rab1 Bf5 22. Rb2 Rab8 23. Rc5 Qe6 24. Nd2 Ne4 25. Nxe4 Bxe4 26. Bxe4 Qxe4
27. Rbc2 b6 28. Rc7 a5 29. Qb3 h5 30. h4 Rd6 31. Qb5 Rf6 32. a4 Qf3 33. R7c6
Qe4 34. Qb3 Qf3 35. Rxf6 Qxf6 36. Qxd5 Qg6 37. Rc7 Re8 38. Qb5 Re6 39. d5 Rxe3
40. Rc8+ Kh7 41. fxe3 1/2-1/2

[Event "SR 3. liga A2 2013/2014"]
[Site "?"]
[Date "2013.12.01"]
[Round "4.6"]
[White "Filip, Frantisek"]
[Black "Ocko, Martin"]
[Result "0-1"]
[WhiteElo "1790"]
[BlackElo "1736"]
[PlyCount "53"]
[EventDate "2013.??.??"]

1. e4 c5 2. Ne2 Nc6 3. c3 Nf6 4. Ng3 d5 5. exd5 Qxd5 6. d3 g6 7. h3 Bg7 8. Be2
h5 9. Bf3 Qe5+ 10. Qe2 Qxe2+ 11. Nxe2 Ne5 12. Be4 Nxe4 13. dxe4 Nd3+ 14. Kf1 b6
15. Na3 Ba6 16. Nc2 Rd8 17. Ne3 Nf4 18. c4 Bxc4 19. Ke1 Bxe2 20. g3 Bf3 21.
gxf4 Bxh1 22. e5 Bh6 23. Nc4 Rd4 24. b3 Bxf4 25. Bxf4 Rxf4 26. Ke2 Bc6 27. Rd1
0-1

[Event "SR 3. liga A2 2013/2014"]
[Site "?"]
[Date "2013.12.01"]
[Round "4.6"]
[White "Pipiska, Adam"]
[Black "Tupy, Bystrik"]
[Result "1-0"]
[WhiteElo "1737"]
[BlackElo "1798"]
[PlyCount "109"]
[EventDate "2013.??.??"]

1. e4 e5 2. Nf3 Nc6 3. d4 exd4 4. Bc4 h6 5. Nxd4 Bc5 6. Bxf7+ Kxf7 7. Qh5+ Kf8
8. Qxc5+ Qe7 9. Qxe7+ Ngxe7 10. Nxc6 Nxc6 11. Bf4 d6 12. Nc3 Nd4 13. O-O-O Ne6
14. Bg3 Kf7 15. e5 dxe5 16. Bxe5 c6 17. Ne4 Rd8 18. Rxd8 Nxd8 19. Nd6+ Kf8 20.
Nxc8 Rxc8 21. Rd1 Nf7 22. Bd6+ Kg8 23. Bf4 Rd8 24. Rxd8+ Nxd8 25. Bb8 a6 26.
Bc7 Ne6 27. Bb6 Kf7 28. Kd2 Kf6 29. Be3 Kf5 30. Kc3 Ke4 31. Kb4 Nc7 32. Kc5 Nd5
33. Bd2 g5 34. Kd6 Kf5 35. h3 h5 36. Kd7 Nf4 37. Bxf4 gxf4 38. Kc7 h4 39. f3
Ke5 40. c3 Kd5 41. b3 b5 42. Kb6 c5 43. Kxa6 Kc6 44. b4 cxb4 45. cxb4 Kd5 46.
Kxb5 Kd4 47. Kc6 Ke3 48. b5 Kf2 49. b6 Kxg2 50. b7 Kxh3 51. b8=Q Kg3 52. Qb1 h3
53. Qh1 h2 54. a4 Kf2 55. a5 1-0

[Event "SR 3. liga A2 2013/2014"]
[Site "?"]
[Date "2013.12.01"]
[Round "4.6"]
[White "Cebo, Vladimir"]
[Black "Diviak, Rudolf"]
[Result "1-0"]
[WhiteElo "1642"]
[BlackElo "1797"]
[PlyCount "63"]
[EventDate "2013.??.??"]

1. c4 Nf6 2. Nc3 d6 3. e4 g6 4. Nf3 Bg7 5. d4 O-O 6. Be3 Nbd7 7. h3 e5 8. Bd3
exd4 9. Bxd4 Nc5 10. O-O Nxd3 11. Qxd3 Re8 12. Rad1 c6 13. Rfe1 d5 14. cxd5
cxd5 15. e5 Bf5 16. Qb5 a6 17. Qb3 Nd7 18. Na4 b5 19. Nc5 Nxc5 20. Bxc5 Be6 21.
Rd4 Rc8 22. Qa3 Qc7 23. Bd6 Qb6 24. Red1 Rc6 25. Rh4 f6 26. Nd4 Rc4 27. b3 b4
28. Qa4 Rcc8 29. Nxe6 Rxe6 30. Qd7 Ree8 31. exf6 Bxf6 32. Qxh7# 1-0

[Event "SR 3. liga A2 2013/2014"]
[Site "?"]
[Date "2013.12.15"]
[Round "5.1"]
[White "Malar, Pavol"]
[Black "Zarecky, Eduard"]
[Result "0-1"]
[WhiteElo "2104"]
[BlackElo "1903"]
[PlyCount "80"]
[EventDate "2013.??.??"]

1. e4 d6 2. d4 g6 3. Nf3 Bg7 4. Bc4 Nc6 5. O-O Na5 6. Bd3 Bg4 7. c3 c5 8. Bb5+
Bd7 9. Qa4 Nc6 10. d5 Nb8 11. Na3 Bxb5 12. Qxb5+ Qd7 13. Qd3 Nh6 14. Bf4 f6 15.
Rad1 Nf7 16. b4 cxb4 17. cxb4 Na6 18. b5 Nc5 19. Qe3 O-O 20. Nd4 Rac8 21. Rc1
Nd8 22. Nc4 Re8 23. Rfd1 Nf7 24. h3 f5 25. exf5 Bxd4 26. Rxd4 Qxf5 27. Re1 Nd7
28. Qe6 Nf8 29. Qe2 g5 30. Bc1 Ng6 31. Ne3 Qf6 32. Re4 Nfe5 33. Ng4 Nxg4 34.
Rxg4 h6 35. Re4 Qf5 36. Qh5 Rxc1 37. g4 Rxe1+ 38. Rxe1 Qf7 39. Qxh6 Rf8 40. Re2
Qf6 0-1

[Event "SR 3. liga A2 2013/2014"]
[Site "?"]
[Date "2013.12.15"]
[Round "5.1"]
[White "Bango, Lukas"]
[Black "Bisco, Igor"]
[Result "1-0"]
[WhiteElo "1781"]
[BlackElo "2086"]
[PlyCount "111"]
[EventDate "2013.??.??"]

1. c4 Nf6 2. Nc3 g6 3. g3 Bg7 4. Bg2 O-O 5. Nf3 c5 6. O-O Nc6 7. d4 cxd4 8.
Nxd4 Nxd4 9. Qxd4 d6 10. e4 Ng4 11. Qd2 Be6 12. h3 Ne5 13. b3 Bxh3 14. Bb2 Qa5
15. Rad1 Bg4 16. Nd5 Qd8 17. f3 Bd7 18. Kh2 Bc6 19. Ne3 h5 20. Rh1 Bh6 21. f4
Qb6 22. Bd4 Qc7 23. fxe5 dxe5 24. Bb2 Kh7 25. Qe2 e6 26. g4 Bf4+ 27. Kg1 h4 28.
Rxh4+ Kg7 29. Qf2 g5 30. Rh5 Rh8 31. Bc1 Rhd8 32. Bd2 Rd3 33. Re1 Rad8 34. Bc1
f6 35. Nf1 Rd1 36. Bxf4 exf4 37. e5 Rxe1 38. exf6+ Kxf6 39. Qxe1 Qb6+ 40. Kh2
Bxg2 41. Kxg2 f3+ 42. Kh3 Qg1 43. Qc3+ Kg6 44. Qxf3 Rd4 45. Rh8 Rf4 46. Qd3+
Kf6 47. Qd8+ Ke5 48. Qxg5+ Rf5 49. Qg7+ Kf4 50. Qh6+ Kf3 51. gxf5 Qxf1+ 52. Kh4
Qh1+ 53. Kg5 Qg2+ 54. Kh5 Qh3+ 55. Kg6 Qxf5+ 56. Kg7 1-0

[Event "SR 3. liga A2 2013/2014"]
[Site "?"]
[Date "2013.12.15"]
[Round "5.1"]
[White "Hertel, Ondrej"]
[Black "Lezovic, Maros"]
[Result "1/2-1/2"]
[WhiteElo "2055"]
[BlackElo "1790"]
[PlyCount "83"]
[EventDate "2013.??.??"]

1. d4 d5 2. Nf3 Nf6 3. c4 c6 4. Nc3 e6 5. Bg5 Be7 6. e3 Nbd7 7. Rc1 h6 8. Bh4
Ne4 9. Bxe7 Qxe7 10. Nxe4 dxe4 11. Nd2 f5 12. Qh5+ Qf7 13. Qxf7+ Kxf7 14. c5
Nf6 15. Nc4 g5 16. h4 g4 17. g3 h5 18. Be2 Ke7 19. O-O Bd7 20. a4 Nd5 21. Ne5
Be8 22. Rc4 a5 23. Ra1 Kd8 24. Rcc1 Kc7 25. Bc4 Rh6 26. Bxd5 exd5 27. Rcb1 Kc8
28. b4 axb4 29. Rxb4 Ra5 30. Rab1 Rh7 31. Kf1 Rc7 32. Ke2 Ra7 33. Kd2 Kb8 34.
Kc2 Rc8 35. Kb3 Kc7 36. Rb6 Rca8 37. Kc3 Rb8 38. R1b4 Ra5 39. Kb3 Ra7 40. Ka3
Rba8 41. Kb3 Rb8 42. Ka3 1/2-1/2

[Event "SR 3. liga A2 2013/2014"]
[Site "?"]
[Date "2013.12.15"]
[Round "5.1"]
[White "Kozinka, Jan"]
[Black "Peska, Juraj"]
[Result "0-1"]
[WhiteElo "1809"]
[BlackElo "1926"]
[PlyCount "62"]
[EventDate "2013.??.??"]

1. d4 e6 2. Nf3 Nf6 3. Nc3 d5 4. a3 Be7 5. Bf4 Bd7 6. e3 a6 7. Bd3 O-O 8. Qd2
c5 9. dxc5 Bxc5 10. O-O Nc6 11. b4 Be7 12. Rad1 Nh5 13. Ne2 Nxf4 14. exf4 b5
15. Ne5 Qc7 16. Nxd7 Qxd7 17. c3 Bf6 18. Qc2 h6 19. c4 bxc4 20. Bxc4 Qb7 21.
Bd3 Rfc8 22. Qa2 Ne7 23. Qd2 Rc7 24. Rc1 Rac8 25. Rxc7 Rxc7 26. Rc1 Rxc1+ 27.
Qxc1 g6 28. Qc2 Nc6 29. Qa4 Nb8 30. h3 Qb6 31. g4 Bh4 0-1

[Event "SR 3. liga A2 2013/2014"]
[Site "?"]
[Date "2013.12.15"]
[Round "5.1"]
[White "Gajarsky, Roman"]
[Black "Rau, Vladimir"]
[Result "1-0"]
[WhiteElo "1797"]
[BlackElo "1637"]
[PlyCount "75"]
[EventDate "2013.??.??"]

1. e4 c6 2. d4 d5 3. e5 Bf5 4. g4 Bg6 5. h4 h6 6. Bd3 Bxd3 7. Qxd3 e6 8. f4 Nd7
9. Nf3 Qc7 10. c3 O-O-O 11. b4 a6 12. Be3 Be7 13. Nbd2 Re8 14. a4 b5 15. axb5
axb5 16. Nb3 Qb7 17. O-O Kc7 18. Ra5 Ra8 19. Rfa1 Rxa5 20. Rxa5 Nb6 21. Ra1 g5
22. hxg5 hxg5 23. fxg5 Bd8 24. Kg2 Ne7 25. Nc5 Qb8 26. Na6+ Kb7 27. Nxb8 Kxb8
28. Rh1 Rxh1 29. Kxh1 Ng6 30. Kg2 Nc4 31. Bc1 Be7 32. Kg3 Kc7 33. Nh4 Nf8 34.
Qc2 Nb6 35. Qf2 Na4 36. Qxf7 Kd7 37. Bd2 Kd8 38. g6 1-0

[Event "SR 3. liga A2 2013/2014"]
[Site "?"]
[Date "2013.12.15"]
[Round "5.1"]
[White "Vagovic, Milan"]
[Black "Barca, Michal"]
[Result "0-1"]
[WhiteElo "1702"]
[BlackElo "1807"]
[PlyCount "78"]
[EventDate "2013.??.??"]

1. d4 Nf6 2. c4 e6 3. Nc3 Bb4 4. a3 Be7 5. Nf3 O-O 6. e4 b6 7. b4 a5 8. b5 Bb7
9. Qc2 d6 10. Bd3 g6 11. O-O Nbd7 12. Re1 e5 13. d5 Nc5 14. Be2 Nfd7 15. Be3
Bc8 16. a4 f5 17. Bh6 Rf7 18. Be3 f4 19. Bxc5 Nxc5 20. Nd2 g5 21. f3 h5 22. Nb3
Nxb3 23. Qxb3 g4 24. Nd1 Rg7 25. Kh1 Bd7 26. Rg1 g3 27. h3 Bf8 28. Bf1 Kh7 29.
Qc2 Qf6 30. Rc1 Be7 31. Nc3 Rh8 32. Ra1 Rg4 33. fxg4 hxg4 34. Qe2 Qh4 35. Ra2
Kg7 36. Nd1 gxh3 37. gxh3 Bxh3 38. Bxh3 Qxh3+ 39. Qh2 Qxh2+ 0-1

[Event "SR 3. liga A2 2013/2014"]
[Site "?"]
[Date "2013.12.15"]
[Round "5.1"]
[White "Janas, Peter"]
[Black "Capanda, Jan"]
[Result "1-0"]
[WhiteElo "1707"]
[BlackElo "1466"]
[PlyCount "139"]
[EventDate "2013.??.??"]

1. Nf3 c5 2. d4 cxd4 3. Nxd4 Nc6 4. Nxc6 bxc6 5. g3 g6 6. Bg2 Bg7 7. O-O Nf6 8.
c3 Rb8 9. Qa4 a6 10. Na3 O-O 11. Rd1 Qc7 12. Nc4 Ne8 13. Qc2 d5 14. Nd2 Bb7 15.
Nb3 Nd6 16. Be3 Nc4 17. Bc5 Rfe8 18. Nd2 Nd6 19. Rac1 Ba8 20. b3 Qa5 21. b4 Qd8
22. e3 Nb5 23. Nb1 e6 24. c4 Nc7 25. a3 f5 26. Bd4 e5 27. Ba1 Re7 28. Qa4 h5
29. h4 Qf8 30. Qa5 Kh7 31. cxd5 Rb5 32. Qa4 cxd5 33. Nc3 Rb6 34. Nxd5 Nxd5 35.
Bxd5 f4 36. exf4 exf4 37. Bxg7 Kxg7 38. Bxa8 fxg3 39. fxg3 Qxa8 40. Qb3 Qa7 41.
Rc5 Rbe6 42. Qc3+ Kh7 43. Kf1 Qb7 44. Rcd5 Re3 45. Qxe3 Rxe3 46. Rd7+ Qxd7 47.
Rxd7+ Kg8 48. Rd6 Rxa3 49. Rxg6+ Kh7 50. Rg5 Rb3 51. Rxh5+ Kg6 52. Ra5 Rxb4 53.
Rxa6+ Kf5 54. Kg2 Kg4 55. Rg6+ Kh5 56. Rg5+ Kh6 57. Rc5 Ra4 58. Kh3 Kg6 59. h5+
Kh6 60. g4 Rb4 61. Kh4 Ra4 62. Rc6+ Kh7 63. h6 Ra5 64. g5 Rb5 65. Kh5 Kh8 66.
Kg6 Rb8 67. Re6 Rf8 68. Re7 Rb8 69. Kf7 Rb6 70. g6 1-0

[Event "SR 3. liga A2 2013/2014"]
[Site "?"]
[Date "2013.12.15"]
[Round "5.1"]
[White "Strecansky, Lukas"]
[Black "Tupy, Bystrik"]
[Result "1/2-1/2"]
[WhiteElo "1563"]
[BlackElo "1798"]
[PlyCount "58"]
[EventDate "2013.??.??"]

1. e4 e5 2. Nf3 Nc6 3. Bb5 d6 4. c3 Bd7 5. O-O Nf6 6. Re1 Be7 7. d4 exd4 8.
cxd4 a6 9. Ba4 b5 10. Bb3 Bg4 11. Re3 Na5 12. Bc2 Nc4 13. Re1 O-O 14. b3 Nb6
15. Qd3 Bxf3 16. Qxf3 Qd7 17. Bg5 Rfe8 18. Nd2 Nfd5 19. Bxe7 Nxe7 20. Nf1 Ng6
21. Ne3 c5 22. dxc5 dxc5 23. Red1 Qc7 24. Nd5 Nxd5 25. exd5 Qd6 26. Bxg6 fxg6
27. Re1 Re5 28. Rad1 Rd8 29. Rxe5 Qxe5 1/2-1/2

[Event "SR 3. liga A2 2013/2014"]
[Site "?"]
[Date "2013.12.15"]
[Round "5.2"]
[White "Schmikli, Laszlo"]
[Black "Spacek, Oliver"]
[Result "0-1"]
[WhiteElo "2244"]
[BlackElo "2041"]
[PlyCount "52"]
[EventDate "2013.??.??"]

1. e4 c5 2. c3 d5 3. exd5 Qxd5 4. Nf3 Bg4 5. Be2 Nf6 6. Na3 Nc6 7. d4 cxd4 8.
Nb5 Rc8 9. Nbxd4 Nxd4 10. cxd4 e6 11. O-O a6 12. Qa4+ Qd7 13. Qb3 Bd6 14. Re1
Nd5 15. Bd2 O-O 16. Rad1 Bf5 17. Bd3 Bxd3 18. Qxd3 Qa4 19. a3 Qc2 20. Qxc2 Rxc2
21. Rb1 Rfc8 22. g3 b5 23. Red1 f6 24. Ne1 R2c4 25. Be3 Kf7 26. Rbc1 Nxe3 0-1

[Event "SR 3. liga A2 2013/2014"]
[Site "?"]
[Date "2013.12.15"]
[Round "5.2"]
[White "Diviak, Rastislav"]
[Black "Frank, Jozsef"]
[Result "0-1"]
[WhiteElo "1998"]
[BlackElo "2098"]
[PlyCount "48"]
[EventDate "2013.??.??"]

1. e4 c5 2. Nf3 e6 3. d4 cxd4 4. Nxd4 a6 5. Bd3 Bc5 6. Nb3 Ba7 7. O-O Nc6 8.
Nc3 b5 9. a3 Bb7 10. Qe2 Ne5 11. Be3 Nxd3 12. Qxd3 Bxe3 13. Qxe3 Ne7 14. Rad1
O-O 15. Nc5 Bc6 16. Rd6 Nc8 17. Rd4 Qc7 18. Rfd1 Nb6 19. b3 f5 20. exf5 Rxf5
21. Nxe6 dxe6 22. Qxe6+ Rf7 23. Rd6 Re8 24. Qh3 Qxd6 0-1

[Event "SR 3. liga A2 2013/2014"]
[Site "?"]
[Date "2013.12.15"]
[Round "5.2"]
[White "Ivan, Imrich"]
[Black "Pericka, Tomas"]
[Result "1-0"]
[WhiteElo "2071"]
[BlackElo "1994"]
[PlyCount "26"]
[EventDate "2013.??.??"]

1. Nf3 c5 2. b3 Nc6 3. Bb2 d5 4. e3 Nf6 5. Bb5 Qb6 6. Be2 Bg4 7. O-O e6 8. Bxf6
gxf6 9. a4 Rg8 10. Kh1 Bd6 11. h3 Bh5 12. Nd4 Bg6 13. Nxc6 Qxc6 1-0

[Event "SR 3. liga A2 2013/2014"]
[Site "?"]
[Date "2013.12.15"]
[Round "5.2"]
[White "Nemeckay, Rastislav"]
[Black "Csefalvay, Stefan"]
[Result "1-0"]
[WhiteElo "1986"]
[BlackElo "1852"]
[PlyCount "27"]
[EventDate "2013.??.??"]

1. e4 b6 2. d4 Bb7 3. Nc3 e6 4. Nf3 Bb4 5. Bd3 h6 6. Bd2 Nf6 7. Qe2 O-O 8. a3
Be7 9. e5 Nd5 10. Qe4 g6 11. Bxh6 Re8 12. Qg4 Kh7 13. Ng5+ Bxg5 14. Bxg5 1-0

[Event "SR 3. liga A2 2013/2014"]
[Site "?"]
[Date "2013.12.15"]
[Round "5.2"]
[White "Vizvari, Ludovit"]
[Black "Spacek, Marcel"]
[Result "0-1"]
[WhiteElo "1996"]
[BlackElo "1818"]
[PlyCount "82"]
[EventDate "2013.??.??"]

1. d4 Nf6 2. c4 g6 3. Nc3 Bg7 4. e4 d6 5. Nf3 O-O 6. Be2 Nbd7 7. O-O e5 8. d5
Nc5 9. Qc2 a5 10. Ne1 h6 11. f3 Nh7 12. Nd3 b6 13. Be3 f5 14. Nxc5 bxc5 15.
exf5 Bxf5 16. Bd3 Ng5 17. Ne4 Nxe4 18. Bxe4 Qh4 19. g3 Qf6 20. Rf2 g5 21. Kg2
Qg6 22. Raf1 Rf6 23. Bxf5 Qxf5 24. Qxf5 Rxf5 25. Bc1 Kh7 26. h3 Kg6 27. Rc2 h5
28. Rc3 Raf8 29. g4 hxg4 30. hxg4 Rf4 31. b3 Rh8 32. Bd2 Ra8 33. Rb1 a4 34. Rd3
axb3 35. axb3 Ra2 36. Kg3 Rd4 37. Rxd4 exd4 38. Be1 Be5+ 39. f4 Bxf4+ 40. Kf3
Rc2 41. Rd1 Rc3+ 0-1

[Event "SR 3. liga A2 2013/2014"]
[Site "?"]
[Date "2013.12.15"]
[Round "5.2"]
[White "Ocko, Martin"]
[Black "Feher, Tibor"]
[Result "1-0"]
[WhiteElo "1736"]
[BlackElo "1815"]
[PlyCount "91"]
[EventDate "2013.??.??"]

1. d4 d5 2. c4 c6 3. Nf3 Nf6 4. e3 Bf5 5. Nc3 g6 6. Qb3 b6 7. cxd5 cxd5 8. Bb5+
Bd7 9. Nxd5 e6 10. Nxf6+ Qxf6 11. Ne5 Qe7 12. O-O Bxb5 13. Qxb5+ Nd7 14. Bd2 f6
15. Bb4 Qg7 16. Bxf8 Rxf8 17. Qc6 Rd8 18. Qxe6+ Qe7 19. Qxe7+ Kxe7 20. Nc6+ Kd6
21. Nxd8 Rxd8 22. Rac1 Nf8 23. f3 Ne6 24. Rc2 f5 25. Rfc1 Kd7 26. b4 Kd6 27.
Rc6+ Ke7 28. Rd1 Kd7 29. d5 Nc7 30. a4 Re8 31. Rf6 Ke7 32. Rc6 Kd7 33. Rc3 Re5
34. Kf2 Na6 35. Rc4 Kd6 36. e4 fxe4 37. fxe4 Nc7 38. b5 Kd7 39. Ke3 g5 40. g4
Ne8 41. Kd4 Re7 42. e5 Kd8 43. Rdc1 Nc7 44. Rxc7 Rxc7 45. Rxc7 Kxc7 46. d6+ 1-0

[Event "SR 3. liga A2 2013/2014"]
[Site "?"]
[Date "2013.12.15"]
[Round "5.2"]
[White "Kahancova, Jana"]
[Black "Pipiska, Adam"]
[Result "1/2-1/2"]
[WhiteElo "1652"]
[BlackElo "1737"]
[PlyCount "70"]
[EventDate "2013.??.??"]

1. e4 e5 2. Nf3 Nc6 3. Bc4 Bc5 4. c3 Nf6 5. d3 d6 6. Bg5 Be6 7. Nbd2 Qd7 8. b4
Bb6 9. Bb3 Bxb3 10. Qxb3 O-O 11. Nf1 Qe6 12. Ng3 Ng4 13. O-O Qxb3 14. axb3 h6
15. Bd2 Ne7 16. h3 Nf6 17. Rfc1 Nd7 18. Nh4 a5 19. bxa5 Bxa5 20. b4 Bb6 21.
Nhf5 Nxf5 22. Nxf5 h5 23. Kf1 Rfe8 24. g3 g6 25. Ne3 Bxe3 26. Bxe3 f5 27. f3 f4
28. gxf4 exf4 29. Bd2 Rab8 30. Ke2 Rf8 31. Rg1 Kh7 32. Rg5 Rf6 33. Rag1 Nf8 34.
d4 Re8 35. Kd3 Ne6 1/2-1/2